| 000 | 03374cgm a2200745Ia 4500 | ||
|---|---|---|---|
| 001 | ocm52971960 | ||
| 003 | OCoLC | ||
| 005 | 20241220133813.0 | ||
| 007 | vd cvaizq | ||
| 008 | 030905r20031987cau090 j vaeng d | ||
| 020 | _a0788845586 | ||
| 020 | _a9780788845581 | ||
| 024 | 1 | _a786936217650 | |
| 028 | 0 | 1 |
_a30422 _bWalt Disney Home Video |
| 029 | 1 |
_aAU@ _b000043497206 |
|
| 035 | _a(OCoLC)52971960 | ||
| 040 |
_aOMI _beng _cOMI _dOCLCQ _dRCS _dBTCTA _dOCLCQ _dEHH _dOCLCQ _dOCLCG _dCUV _dJTC _dOUN _dWTX _dHALAN _dUPZ _dOCLCA _dOCLCQ _dTEF _dBDX _dJP3 _dDLM _dUINTA _e |
||
| 041 | 1 |
_aeng _heng |
|
| 049 | _aUCLB | ||
| 050 | 1 | 4 |
_aPN1997.5.B73 _bB73 2003 |
| 082 | 0 | 4 |
_a791.43/72 _222 |
| 092 | _a791.437 | ||
| 245 | 0 | 4 | _aThe brave little toaster |
| 246 | 1 |
_iTitle on videodisc surface: _aDisney presents the Brave Little Toaster |
|
| 260 |
_aBurbank, Calif. : _bDistributed by Buena Vista Home Entertainment, _c[2003]. |
||
| 264 |
_aBurbank, Calif. : _bA Hyperion Pictures, Kushner-Locke Production ; screenplay by Jerry Rees & Joe Ranft ; screen story by Jerry Rees, Joe Ranft, Brian McEntee ; produced by Donald Kushner & Thomas L. Wilhite ; directed by Jerry Rees. _c[2003]. |
||
| 300 |
_a1 videodisc (ca. 90 min.) : _bsd., col. ; _c4 3/4 in. |
||
| 490 | 1 | _aDisney DVD | |
| 500 | _aBased on the novella by Thomas M. Disch. | ||
| 500 | _aOriginally released as a motion picture in 1987. | ||
| 500 | _aBonus feature: Appliances come to life: the making of The brave little toaster. | ||
| 508 | _aMusic, David Newman ; editor, Donald W. Ernst. | ||
| 511 | 1 | _aVoices, Jon Lovitz, Tim Stack, Timothy E. Day. | |
| 520 | _aFive electrical appliances find that their young owner has disappeared. The toaster takes charge, rounding up the vacuum cleaner, the electric blanket, bedside lamp and radio. Together they take off for the big city in search of their master. | ||
| 521 | 8 | _aMPAA rating: Not rated. | |
| 538 | _aDVD, full screen presentation; Dolby Digital surround sound. | ||
| 546 | _aFrench and Spanish subtitles; closed-captioned. | ||
| 586 | _aA 1988 Parents' Choice Television award. | ||
| 600 | 1 | 0 |
_aDisch, Thomas M. _vFilm adaptations. _95779488 |
| 650 | 0 |
_aElectric apparatus and appliances _vJuvenile drama. _96476061 |
|
| 650 | 0 |
_aElectric toasters _vDrama. _95779491 |
|
| 655 | 7 |
_aFeature films. _2lcgft _96247184 |
|
| 655 | 7 |
_aChildren's films. _2lcgft _96247185 |
|
| 655 | 7 |
_aAnimated films. _2lcgft _96247186 |
|
| 655 | 7 |
_aMusical films. _2lcgft _96247187 |
|
| 655 | 7 |
_aFilm adaptations. _2lcgft _96247188 |
|
| 655 | 7 |
_aVideo recordings for the hearing impaired. _2lcgft _96247189 |
|
| 655 | 7 |
_aFilms for the hearing impaired. _2lcgft _96247190 |
|
| 700 | 1 |
_aRees, Jerry. _972210 |
|
| 700 | 1 |
_aRanft, Joe. _970399 |
|
| 700 | 1 |
_aMcEntee, Brian. _96247191 |
|
| 700 | 1 |
_aKushner, Donald. _968913 |
|
| 700 | 1 |
_aWilhite, Thomas L. _95779496 |
|
| 700 | 1 |
_aLovitz, Jon. _964823 |
|
| 700 | 1 |
_aStack, Timothy. _96247192 |
|
| 700 | 1 |
_aDay, Timothy E. _96247193 |
|
| 700 | 1 |
_aNewman, David, _d1954- _937053 |
|
| 700 | 1 |
_aDisch, Thomas M. _tBrave little toaster. _96247194 |
|
| 710 | 2 |
_aHyperion Pictures. _96247195 |
|
| 710 | 2 |
_aKushner-Locke Productions. _96247196 |
|
| 710 | 2 |
_aBuena Vista Home Entertainment (Firm) _964615 |
|
| 710 | 2 |
_aWalt Disney Home Entertainment (Firm) _970855 |
|
| 830 | 0 |
_aDisney DVD. _970029 |
|
| 942 |
_cDVD _2ddc |
||
| 999 |
_c89685 _d89685 |
||